000 00457nam a2200181Ia 4500
005 20250423094740.0
008 250422s9999 xx 000 0 und d
020 _a1-58713-025-4
050 _aTK 5105.5 .C4978/
100 _aLambeth, Garrett
245 0 _aCisco networking academy program : first year companion guide
260 _aIndianapolis
260 _bCisco Press
260 _c2001
300 _a991 p
650 _aComputer
942 _cBK
999 _c28179
_d28179